000 01254cab a22002295a 4500
001 L158132
008 140821e2014 xxk 000 0 eng d
035 _a(Sirsi) u158132
041 0 _aeng
100 1 _aStrong, Gary
245 0 0 _aWhy technical standards are not enough for professionals working in land, property and construction and the importance of international standards on ethics
_h[electronic resource]
260 _c2014
490 _aFIG Article of the Month
_vAugust 2014
520 _aExplores the opportunities and very real benefits that could be afforded not only to professionals working in land, property and construction but also to clients, the public and society more generally by the setting, promotion and monitoring of international standards on ethics. Paper presented to the FIG Conference 2014.
520 _aRICS is meeting with a number of professional organisation at the UN in October 2014 with view to draw up an International Ethics Standard.
590 _aKA
651 4 _aInternational
690 _aBusiness and management
700 1 _aPilling, David
856 4 0 _uhttps://fig.net/resources/monthly_articles/2014/strong_pilling_august_2014.asp
_zView this item free of charge at www.fig.net
942 _n0
999 _c84520
_d84520